RICS launches European Housing Review 2002 (Record no. 69682)

MARC details
000 -LEADER
fixed length control field 01206cam a2200241 4500
001 - CONTROL NUMBER
control field WB3809-14
008 - FIXED-LENGTH DATA ELEMENTS--GENERAL INFORMATION
fixed length control field 020305n2002 000 0 eng u
035 ## - SYSTEM CONTROL NUMBER
System control number (Sirsi) u116980
245 ## - TITLE STATEMENT
Title RICS launches European Housing Review 2002
260 ## - PUBLICATION, DISTRIBUTION, ETC.
Date of publication, distribution, etc. 2002
490 ## - SERIES STATEMENT
Series statement RICS Press Release
Volume/sequential designation 21 February 2002 (1)
520 ## - SUMMARY, ETC.
Summary, etc. The RICS European Housing Review 2002, provides informed commentary and critical evaluation of EU housing markets, including comprehensive coverage of housing and mortgage finance systems. It also features fourteen country specific reports which explain the housing system, including the growth of home ownership and the role of rental housing. For a free copy of the European Housing Review contact Jenny MacDonnell on +44 (0)20 7334 3713 or e [email protected] Press release and summary of the Review http://www.rics.org/ricscms/bin/show?class=PressRelease&template=/includes/showpr.html&id=676
590 ## - LOCAL NOTE (RLIN)
Local note WB
650 ## - SUBJECT ADDED ENTRY--TOPICAL TERM
Topical term or geographic name entry element EUROPEAN UNION
650 ## - SUBJECT ADDED ENTRY--TOPICAL TERM
Topical term or geographic name entry element FINANCE SYSTEMS
650 ## - SUBJECT ADDED ENTRY--TOPICAL TERM
Topical term or geographic name entry element DEMAND AND SUPPLY
650 ## - SUBJECT ADDED ENTRY--TOPICAL TERM
Topical term or geographic name entry element MARKET CONDITIONS
650 ## - SUBJECT ADDED ENTRY--TOPICAL TERM
Topical term or geographic name entry element HOME OWNERSHIP
650 ## - SUBJECT ADDED ENTRY--TOPICAL TERM
Topical term or geographic name entry element HOUSING MARKET
650 ## - SUBJECT ADDED ENTRY--TOPICAL TERM
Topical term or geographic name entry element RICS
690 ## - LOCAL SUBJECT ADDED ENTRY--TOPICAL TERM (OCLC, RLIN)
Topical term or geographic name as entry element HOUSING-INVESTMENT
942 ## - ADDED ENTRY ELEMENTS (KOHA)
Suppress in OPAC 0
Holdings
Withdrawn status Lost status Source of classification or shelving scheme Damaged status Not for loan Home library Current library Shelving location Date acquired Total Checkouts Full call number Barcode Date last seen Copy number Price effective from Koha item type
    Dewey Decimal Classification     London London News article 05/03/2002   WB3804-14 116980-1001 06/08/2019 1 06/08/2019 News article